|
|
|
|
| LEADER |
02340nam a2200589 ia4500 |
| 001 |
nkc20122396729 |
| 003 |
CZ PrNK |
| 005 |
20210204135213.0 |
| 007 |
ta |
| 008 |
120910m20122020xr ae f 000 0 cze |
| 015 |
|
|
|a cnb002396729
|z cnb002388962
|
| 020 |
|
|
|a 978-80-87365-48-9
|q (díl I ;
|q vázáno)
|
| 020 |
|
|
|a 978-80-7581-026-7
|q (díl II ;
|q vázáno)
|
| 035 |
|
|
|a (OCoLC)817049859
|
| 040 |
|
|
|a ABA001
|b cze
|e rda
|
| 041 |
0 |
|
|a cze
|b eng
|b ger
|
| 043 |
|
|
|a e-xr---
|b e-xr-st
|2 czenas
|
| 072 |
|
7 |
|a 902
|x Archeologie
|2 Konspekt
|9 8
|
| 080 |
|
|
|a 902.2
|2 MRF
|
| 080 |
|
|
|a 902:904
|2 MRF
|
| 080 |
|
|
|a 718
|2 MRF
|
| 080 |
|
|
|a (437.312)
|2 MRF
|
| 080 |
|
|
|a (048.8:082)
|2 MRF
|
| 100 |
1 |
|
|a Tomková, Kateřina,
|d 1963-
|7 xx0000993
|4 aut
|
| 245 |
1 |
0 |
|a Levý Hradec v zrcadle archeologických výzkumů.
|p Pohřebiště /
|c Kateřina Tomková a kolektiv
|
| 246 |
3 |
0 |
|a Pohřebiště
|
| 246 |
1 |
8 |
|a Levý Hradec
|
| 246 |
1 |
8 |
|a Pohřebiště na Levém Hradci a jeho předpolí
|
| 264 |
|
1 |
|a Praha :
|b Archeologický ústav AV ČR,
|c 2012-2020
|
| 300 |
|
|
|a 2 svazky (380; 543 stran) :
|b ilustrace (některé barevné), plány ;
|c 31 cm
|
| 336 |
|
|
|a text
|b txt
|2 rdacontent
|
| 337 |
|
|
|a bez média
|b n
|2 rdamedia
|
| 338 |
|
|
|a svazek
|b nc
|2 rdacarrier
|
| 504 |
|
|
|a Obsahuje bibliografie a bibliografické odkazy
|
| 546 |
|
|
|a Německé resumé (díl I), anglické resumé (díl II)
|
| 650 |
0 |
7 |
|a archeologické výzkumy
|7 ph118577
|z Česko
|2 czenas
|
| 650 |
0 |
7 |
|a archeologické nálezy
|7 ph137683
|z Česko
|2 czenas
|
| 650 |
0 |
7 |
|a pohřebiště
|7 ph137684
|z Česko
|2 czenas
|
| 650 |
0 |
9 |
|a excavations (archaeology)
|z Czechia
|2 eczenas
|
| 650 |
0 |
9 |
|a antiquities
|z Czechia
|2 eczenas
|
| 650 |
0 |
9 |
|a cemeteries
|z Czechia
|2 eczenas
|
| 651 |
|
7 |
|a Levý Hradec (Česko)
|7 ge134320
|2 czenas
|
| 651 |
|
9 |
|a Levý Hradec (Czechia)
|2 eczenas
|
| 655 |
|
7 |
|a kolektivní monografie
|7 fd501537
|2 czenas
|
| 655 |
|
9 |
|a collective monographs
|2 eczenas
|
| 910 |
2 |
|
|a BOA001
|b 4-1286.583
|s 1-2
|
| 928 |
9 |
|
|a Akademie věd České republiky, Archeologický ústav
|
| 990 |
|
|
|a BK
|
| 995 |
|
|
|a 01
|
| 991 |
|
|
|b 201209
|c NOV
|e n
|
| 996 |
6 |
|
|b 2610519918
|c 4-1286.583
|d Díl 1
|v 1
|l MZK
|r Sklad / do 1 hodiny
|n 9
|p p.v.
|w 001276303
|u 000010
|a 1
|e BOA001
|j MZK50
|s P
|
| 996 |
6 |
|
|b 2610845480
|c 4-1286.583
|d Díl 2
|v 2
|l MZK
|r Sklad / do 1 hodiny
|n 3
|p p.v.
|w 001276303
|u 000020
|a 1
|e BOA001
|j MZK50
|s P
|